| 000 | 00775nam a2200229 a 4500 | ||
|---|---|---|---|
| 001 | 000021654 | ||
| 003 | DO-SdBNP | ||
| 005 | 20231113095948.0 | ||
| 008 | 100909s2003 sp a 000 0 spa d | ||
| 020 | _a8495163802 | ||
| 040 |
_aDO-SdBNP _bspa _cBNPHU |
||
| 082 | 4 |
_a330.946 _bP896p _222 |
|
| 100 | 1 |
_aPrados de la Escosura, Leandro. _945053 |
|
| 245 | 1 | 3 |
_aEl progreso económico de España : _b(1850-2000) / _cLeandro Prados de la Escosura. |
| 260 |
_aBilbao, España : _bFundación BBVA, _c2003. |
||
| 300 |
_a760 p. : _bil. ; _c23 cm. |
||
| 650 | 4 |
_aDesarrollo económico _945054 |
|
| 651 | 4 |
_aEspaña _xCondiciones económicas _xHistoria _919208 _ySiglo XIX |
|
| 651 | 4 |
_aEspaña _xCondiciones económicas _xHistoria _ySiglo XX _984621 |
|
| 910 | _aWM | ||
| 942 |
_2ddc _cLBS1 |
||
| 999 |
_c21153 _d21153 |
||